Knowledge shared : Participatory evaluation in development cooperation

This book enables novices and professionals alike to jointly assess the extent to which the benefits of development are shared- and by whom. It presents leading-edge analysis on theory and practice of participatory evaluation around the world. The most comprehensive volume available on the subject,...

תיאור מלא

שמור ב:
מידע ביבליוגרפי
פורמט: ספר
שפה:Undetermined
יצא לאור: Ottawa, Canada Kumarian Press 1998
נושאים:
תגים: הוספת תג
אין תגיות, היה/י הראשונ/ה לתייג את הרשומה!
Thư viện lưu trữ: Trung tâm Học liệu Trường Đại học Cần Thơ
LEADER 01016nam a2200217Ia 4500
001 CTU_41224
008 210402s9999 xx 000 0 und d
020 |c 30 
082 |a 300.72 
082 |b K73 
245 0 |a Knowledge shared : 
245 0 |b Participatory evaluation in development cooperation 
245 0 |c Edward T. Jacson, Yusuf Kassam editors 
260 |a Ottawa, Canada 
260 |b Kumarian Press 
260 |c 1998 
520 |a This book enables novices and professionals alike to jointly assess the extent to which the benefits of development are shared- and by whom. It presents leading-edge analysis on theory and practice of participatory evaluation around the world. The most comprehensive volume available on the subject, it is a valuable tool for practitioners and policymakers in all areas of development. 
650 |a Evaluation research (Social action programs),Rural development 
650 |x Evaluation 
904 |i Minh 
980 |a Trung tâm Học liệu Trường Đại học Cần Thơ